• 首页
  • 本馆介绍
  • 公告通知
  • 最新文献
  • 馆藏检索
  • 电子资源
  • 读者荐购
  • 参考咨询
  • CALIS
  • 我的图书馆
  • 登录
  • 详细信息显示
  • 放入我的书架
  • 预约/预借图书
  • 作者相关作品
  • 分类相关作品
  • 丛书相关作品
  • 出版社相关作品

书目信息

  • 表格格式
  • 工作单格式
  • 卡片格式
题名:
市政工程
    
 
作者: 本书编委会编著
分册:  
出版信息: 北京   地震出版社  2007.08
页数: 436页
开本: 26cm
丛书名:
单 册:
中图分类: TU99
科图分类:
主题词: 市政工程--shi zheng gong cheng--工程造价
电子资源:
ISBN: 978-7-5028-3162-2
 
 
 
 
 
000 00793nam0 2200241 450
001 012007164844
005 20071107155348.30
010    @a978-7-5028-3162-2@dCNY58.00
100    @a20071107d2007 km y0chiy0120 ea
101 0  @achi
102    @aCN@b110000
105    @aa a 000yy
106    @ar
200 1  @a市政工程@Ashi zheng gong cheng@f本书编委会编著@Fben shu bian wei hui bian zhu
210    @a北京@c地震出版社@d2007.08
215    @a436页@c图@d26cm
300    @a建设工程预决算与工程量清单计价一本通
320    @a有书目。
330    @a本书分别介绍市政工程预算定额、市政工程定额工程量计算、定额计价模式下市政工程造价,市政工程量清单计价等。
606 0  @a市政工程@Ashi zheng gong cheng@x工程造价
690    @aTU99@v4
801  0 @aCN@b@c20071107
905    @b265735-37@dTU99@eS607@f3
    
    市政工程/本书编委会编著.-北京:地震出版社,2007.08
    436页:图;26cm
    建设工程预决算与工程量清单计价一本通
    
    ISBN 978-7-5028-3162-2:CNY58.00
    本书分别介绍市政工程预算定额、市政工程定额工程量计算、定额计价模式下市政工程造价,市政工程量清单计价等。
●
相关链接 在E读中查询图书 在当当中查询图书 在豆瓣中查询图书


正题名:市政工程     索取号:TU99/S607         预约/预借

序号 登录号 条形码 馆藏地/架位号 状态 备注
1 265735   202657357   建筑库201/201建筑库 122排1列5层/ [索取号:TU99/S607] 在馆    
2 265736   202657366   建筑库201/201建筑库 122排1列5层/ [索取号:TU99/S607] 在馆    
3 265737   202657375   建筑库201/201建筑库 122排1列5层/ [索取号:TU99/S607] 在馆    
河南城建学院图书馆 欢迎您!
大连网信软件有限公司© 版权所有